000 00312nam a22001337a 4500
008 180925b xxu||||| |||| 00| 0 eng d
020 _a9780465020447
041 _aeng
080 _a159/9
100 _a49
101 _aPSI
245 _aSex Murder And Rhe Meaning Of Life
_cKenrickD.T
942 _2udc
_cBK
999 _c48455
_d48455